| 000 | 00949nam0a22002771 4500 | ||
|---|---|---|---|
| 001 | RU\NLR\A1SV\133952 | ||
| 005 | 20251203171251.9 | ||
| 035 | _a(NLR Aleph) 010675353 | ||
| 090 |
_a9624111 _c9624111 |
||
| 100 | _a20150115d1923 u y0rusy50 ca | ||
| 101 | 0 | _arus | |
| 102 | _aRU | ||
| 200 | 1 |
_aО цынге у детей _eДокл., сдел. на Всерос. съезде дет. врачей 29/V 1923 г. _fГ.Г.Шолле _gИз Терапевт. отд. б. Владимир., ныне им. Русакова, дет. больницы |
|
| 210 |
_a[М.] _cТип. МОСО _d[1923] |
||
| 215 |
_a9 с. _d26 см |
||
| 300 | _aБез тит. л. | ||
| 320 | _aБиблиогр.: с.9 | ||
| 620 | _dМосква | ||
| 700 | 1 |
_aШолле _bГ. Г. _f1874-1956 _gГустав Густавович |
|
| 801 | 0 |
_aRU _bNLR _c20150115 |
|
| 852 |
_aNLR _j37/2021 |
||
| 899 | _aРГБ | ||
| 942 | _cBOOK | ||
| 980 | _aNB | ||
| 980 | _aA1SV | ||